| 000 | 00000nam 2200000zi 4500 |
| 001 | 9.558325 |
| 003 | CaOODSP |
| 005 | 20210721073816 |
| 007 | cr ||||||||||| |
| 008 | 150406s2002||||xxc|||||o f|0| 0 eng d |
| 020 | |a0662334299 |
| 040 | |aCaOODSP|beng |
| 043 | |an-cn--- |
| 086 | 1 |aMP32-28/02-8E-PDF|zMP32-28/02-8E-IN |
| 100 | 1 |aBoothby, Daniel W., |eauthor. |
| 245 | 10|aRate of return to education : |ba distributional analysis using the LifePaths Model / |cby Daniel Boothby and Geoff Rowe. |
| 246 | 10|aDistributional analysis using the LifePaths Model |
| 264 | 1|aOttawa, Ontario : |bHuman Resources Development Canada, |c2002. |
| 300 | |a1 online resource (54 pages) : |bfigures, tables. |
| 336 | |atext|btxt|2rdacontent |
| 337 | |acomputer|bc|2rdamedia |
| 338 | |aonline resource|bcr|2rdacarrier |
| 490 | 1 |aWorking paper ; |vW-02-8E |
| 590 | |a11-31-Supp|b2011-12-13 |
| 710 | 1 |aCanada.|bHuman Resources Development Canada. |bApplied Research Branch, |eissuing body. |
| 775 | 08|tTaux de rendement de l'éducation : |w(CaOODSP)9.591208 |
| 830 | #0|aWorking paper ;|vW-02-8E|w(CaOODSP)9.504477 |
| 856 | 40|ahttp://publications.gc.ca|qPDF|s496 KB|uhttps://publications.gc.ca/collections/collection_2008/hrsdc-rhdsc/MP32-28-02-8E.pdf|yW-02-8E |
| 986 | |aSP-527-11-02E |